Անցեք բովանդակությանը

Гистология, цитология и эмбриология учебное наглядное пособие

Целью атласа является помощь студентам в практическом освоении материала лабораторных занятий при изучении курса гистологии, цитологии и эмбриологии. Основу атласа составляют оригинальные рисунки с гистологических препаратов, отражающих основные разделы стандартного курса по предмету. Они дополнены...

Ամբողջական նկարագրություն

Պահպանված է:
Մատենագիտական մանրամասներ
Հիմնական հեղինակ: Быков В.Л
Ձևաչափ: Книга
Խորագրեր:
Առցանց հասանելիություն:https://www.studentlibrary.ru/book/ISBN9785970432013.html
Ցուցիչներ: Ավելացրեք ցուցիչ
Չկան պիտակներ, Եղեք առաջինը, ով նշում է այս գրառումը!
LEADER 02799nam a2200301 4500
001 book/ISBN9785970432013
005 20250903142001.0
010 |a 978-5-9704-3201-3 
100 |a 20131128c2015 u y0rusy50 ca 
101 | |a rus 
102 |a RU 
105 |a ||||||||000yy 
200 1 |a Гистология, цитология и эмбриология  |e учебное наглядное пособие  |f Быков В.Л., Юшканцева С.И. 
210 1 |a Москва  |c ГЭОТАР-Медиа  |d 2015 
215 |a 296 c. 
330 |a Целью атласа является помощь студентам в практическом освоении материала лабораторных занятий при изучении курса гистологии, цитологии и эмбриологии. Основу атласа составляют оригинальные рисунки с гистологических препаратов, отражающих основные разделы стандартного курса по предмету. Они дополнены рядом рисунков с электронно-микроскопических фотографий и схемами.Для удобства пользования атласом все его разделы содержат краткие систематизированные учебные тексты, которые не только дают пояснения к иллюстрациям, но и углубляют их восприятие, раскрывая роль и значение отдельных представленных структурных деталей. Авторы рисунков и текста - профессиональные гистологи, имеющие многолетний опыт преподавания.Атлас предназначен студентам медицинских, биологических и ветеринарных вузов. Он может быть полезен аспирантам, преподавателям и врачам различных специальностей в качестве учебного пособия. 
610 0 |a Патологическая анатомия 
610 0 |a Гистология, эмбриология, цитология 
610 0 |a Фундаментальная медицина 
675 |a [611.013+611.018](084.42) 
686 |a 28.03С?61  |2 rubbk 
686 |a 28.705С?61  |2 rubbk 
686 |a 28.706С?61  |2 rubbk 
700 1 |a Быков  |b В.Л. 
701 1 |a Юшканцева  |b С.И. 
801 0 |a RU  |b Geotar  |c 20131128  |g RCR  |2 rusmarc 
801 1 |a RU  |b Geotar  |c 20131128 
856 4 |u https://www.studentlibrary.ru/book/ISBN9785970432013.html